[Event "10th KIIT Elite Open 2017"]
[Site "masterchessopen.com Bhubaneswar IND"]
[Date "2017.05.31"]
[Round "8.26"]
[White "Lama,Himal"]
[Black "Muthaiah,AL"]
[Result "0-1"]
[WhiteElo "2073"]
[BlackElo "2289"]

1.e4 c6 2.Nf3 d5 3.Nc3 dxe4 4.Nxe4 Nf6 5.Nxf6+ exf6 6.d4 Bd6 7.Be2 O-O 8.O-O
Re8 9.Nd2 Nd7 10.Bf3 Bc7 11.Re1 Rxe1+ 12.Qxe1 f5 13.Nc4 Nf6 14.c3 Be6 15.Ne5
Qe7 16.Nd3 Re8 17.Bg5 h6 18.Bxf6 Qxf6 19.Nc5 Bd7 20.Qd2 Bc8 21.Re1 Re7 22.Rxe7
Qxe7 23.Qe2 Kf8 24.Qxe7+ Kxe7 25.Kf1 g5 26.Be2 g4 27.g3 f4 28.Bc4 f5 29.Nd3 f3
30.Ke1 b5 31.Bb3 a5 32.Kd2 a4 33.Bc2 Kf6 34.Ke3 h5 35.Nb4 Bd7 36.b3 a3 37.Nd3
Be6 38.Bb1 Bd6 39.Ne1 h4 40.Nd3 Kg5 41.Ne5 c5 42.Bc2 cxd4+ 43.cxd4 hxg3
44.hxg3 Bd5 45.Bb1 Kf6 46.Nd7+ Ke7 47.Nb6 Be6 48.d5 Bc5+ 49.Kf4 Bf7 50.Nc8+
Kd8 51.Bxf5 Bxd5 52.Ke5 Bxb3 53.axb3 a2 {#R} 0-1

[Event "10th Mayors Cup Open 2017"]
[Site "masterchessopen.com Mumbai IND"]
[Date "2017.06.04"]
[Round "1.23"]
[White "Rathnakaran,K"]
[Black "Avdhoot,Lendhe"]
[Result "1-0"]
[WhiteElo "2378"]
[BlackElo "2080"]

1.e4 c6 2.Nc3 d5 3.Nf3 Bg4 4.h3 Bxf3 5.Qxf3 Nf6 6.e5 Nfd7 7.Qg3 e6 8.Be2 Qb6
9.f4 c5 10.a4 a6 11.O-O Nc6 12.f5 Ncxe5 13.fxe6 fxe6 14.d3 O-O-O 15.a5 Qc6
16.Bf4 Ng6 17.Na4 Be7 18.Bb8 Rdf8 19.Bf3 Bd8 20.c4 Nxb8 21.cxd5 exd5 22.Rfc1
Bc7 23.Qg4+ Nd7 24.Rxc5 Ne5 25.Rxc6 Nxg4 26.Rxc7+ Kxc7 27.hxg4 Ne5 28.Bxd5
Nxd3 29.Ra3 Nb4 30.Bf3 Nc6 31.Nc5 Rf6 32.Rc3 Rd8 33.g5 Rfd6 34.b4 Rc8 35.Bg4
Re8 36.Bf3 Re1+ 37.Kh2 Rb1 38.Nb3 Kb8 39.Be4 Rb2 40.Rf3 Ka7 41.b5 axb5 42.Nc5
Nxa5 43.Rf7 Rb6 44.Rxg7 Nc6 45.Rxh7 Ne5 46.Kg3 Rd2 47.Kf4 Ng6+ 48.Ke3 Rdd6
49.Nxb7 Rd1 50.Nc5+ Kb8 51.Nd7+ Rxd7 52.Rxd7 b4 53.Rg7 Ne5 54.Kd4 Ng4 55.Kc5
Re6 56.Bf5 Re8 57.Bxg4 b3 58.Bf3 Re5+ 59.Kb6 Kc8 60.Bc6 Kd8 61.Rd7+ Kc8 62.Rd3
b2 63.Bb7+ Kb8 64.Rd8# 1-0

[Event "Mateu Chalmeta Mem 2017"]
[Site "masterchessopen.com Sant Boi ESP"]
[Date "2017.06.02"]
[Round "7.1"]
[White "Cruz,Jon"]
[Black "Ryan,Jo"]
[Result "0-1"]
[WhiteElo "2433"]
[BlackElo "2258"]

1.e4 c6 2.d4 d5 3.e5 Bf5 4.Ne2 e6 5.Ng3 Bg6 6.h4 h5 7.Be2 c5 8.Bg5 Qb6 9.Nd2
cxd4 10.Bxh5 Bxh5 11.Nxh5 Nc6 12.O-O Nxe5 13.Re1 f6 14.Bf4 O-O-O 15.Bxe5 fxe5
16.Rxe5 Bd6 17.Rg5 Nf6 18.Rb1 d3 19.cxd3 Nxh5 20.Rxh5 Bg3 21.Kh1 Qxf2 22.Nf1
g6 23.Nxg3 gxh5 24.Qe1 Qxe1+ 25.Rxe1 Rdg8 26.Kh2 Kd7 27.Ne2 Rg4 28.g3 Rf8
29.Kg2 e5 30.Nc3 Ke6 31.Ne2 Kd6 32.Rc1 Rg7 33.d4 e4 34.Rc3 Rgf7 35.Nf4 Rxf4
36.gxf4 Rxf4 37.Rb3 b6 38.Ra3 a5 39.Rb3 Kc6 40.Rc3+ Kb5 41.b3 Rxh4 42.a4+ Kb4
43.Rc6 Kxb3 44.Rxb6+ Kc4 45.Rb5 Kxd4 46.Rxa5 Rf4 47.Rb5 Rf3 48.Rb4+ Kc5
49.Rb5+ Kc4 50.Rb8 Ra3 51.Rh8 Rxa4 52.Rxh5 Ra2+ 53.Kg3 d4 54.Rh8 Kd3 55.Rb8
Ke3 56.Rb1 d3 57.Re1+ Re2 58.Ra1 d2 59.Ra3+ Kd4 60.Ra8 Re1 61.Rd8+ Ke3 {#R}
0-1

[Event "10th KIIT Elite Open 2017"]
[Site "masterchessopen.com Bhubaneswar IND"]
[Date "2017.05.30"]
[Round "7.8"]
[White "Amonatov,F"]
[Black "Mitrabha,G"]
[Result "1-0"]
[WhiteElo "2632"]
[BlackElo "2299"]

1.e4 c6 2.d4 d5 3.e5 Bf5 4.Nd2 e6 5.Nb3 Nd7 6.Nf3 Ne7 7.Be2 Bg6 8.O-O Nf5
9.Bd2 Be7 10.Ba5 b6 11.Bd2 c5 12.c4 dxc4 13.Bxc4 Nxd4 14.Nbxd4 cxd4 15.Nxd4
O-O 16.Nc6 Qe8 17.b4 Be4 18.Nxe7+ Qxe7 19.Re1 Bf5 20.Rc1 Rfd8 21.Qf3 Nf8
22.Qe3 Rac8 23.Bb5 Qb7 24.Bc3 Ng6 25.h3 a6 26.Bf1 Ne7 27.a4 Rd7 28.g4 Bg6
29.Bg2 Nd5 30.Bd2 h6 31.Qe2 Rdc7 32.Qf1 Rxc1 33.Rxc1 Rxc1 34.Qxc1 Bd3 35.Qa3
Bc4 36.Qb2 Qd7 37.a5 b5 38.Qd4 Qc7 39.Be4 Bb3 40.h4 Bc2 41.Bf3 Ba4 42.Kg2 Bb3
43.h5 Qc2 44.Be4 Qc7 45.Kg3 Bc2 46.Bxd5 exd5 47.Qxd5 Qc4 48.Qxc4 bxc4 49.f4
Ba4 50.f5 Bc6 51.Kf4 Kf8 52.Bc3 Bd5 53.b5 axb5 54.a6 Ke7 55.a7 Ba8 56.Ke3 Ke8
57.Bb4 Bb7 58.Kd4 Bf3 59.g5 hxg5 60.f6 {#r} 1-0

[Event "11th BPB Limburg Open"]
[Site "masterchessopen.com Maastricht NED"]
[Date "2017.06.04"]
[Round "4.3"]
[White "Bauer,Ch"]
[Black "Mesman,Edwyn"]
[Result "1-0"]
[WhiteElo "2630"]
[BlackElo "2034"]

1.e4 c5 2.Na3 Nf6 3.e5 Nd5 4.Nf3 d6 5.exd6 e6 6.Nc4 Bxd6 7.Nxd6+ Qxd6 8.d4 O-O
9.c4 Nf6 10.Be2 Nc6 11.dxc5 Qxc5 12.O-O h6 13.Be3 Qe7 14.Nd4 Nxd4 15.Qxd4 e5
16.Qc5 Qxc5 17.Bxc5 Re8 18.Rfe1 Bf5 19.Rad1 Kh7 20.h3 Kg6 21.Rd6 Rec8 22.Be3
Be6 23.b3 Ne8 24.Rd2 f5 25.f4 e4 26.Red1 Kf7 27.g4 Nf6 28.g5 hxg5 29.fxg5 Ne8
30.h4 g6 31.h5 gxh5 32.Bxh5+ Kg8 33.Kf2 a5 34.a4 Rc7 35.Rd8 Rcc8 36.Rxc8 Rxc8
37.Kg3 Ng7 38.Be2 Kf7 39.Rh1 Rd8 40.Rh6 Rd7 41.Bf4 Kg8 42.g6 Kf8 43.Rh7 Bg8
44.Bh6 Rf7 45.Kf4 Rd7 46.Rxg7 {#r} 1-0

[Event "10th KIIT Elite Open 2017"]
[Site "masterchessopen.com Bhubaneswar IND"]
[Date "2017.05.31"]
[Round "8.13"]
[White "Reefat,S"]
[Black "Roy Chowdhury,S"]
[Result "1-0"]
[WhiteElo "2437"]
[BlackElo "2326"]

1.e4 c5 2.b3 Nc6 3.Bb2 e5 4.Bc4 d6 5.Ne2 Nf6 6.d3 Be7 7.O-O O-O 8.Nbc3 Be6
9.f4 Bxc4 10.bxc4 Nd4 11.Rb1 Rb8 12.Ng3 Nd7 13.Nd5 exf4 14.Rxf4 Bg5 15.Rf1 g6
16.Ne2 Nf6 17.Nef4 Nd7 18.g3 Bh6 19.c3 Nc6 20.Bc1 Bg7 21.Be3 b6 22.Rb2 Nde5
23.Rg2 a6 24.g4 b5 25.cxb5 axb5 26.g5 Nd7 27.h4 b4 28.cxb4 Nxb4 29.h5 Nxd5
30.Nxd5 c4 31.dxc4 Rc8 32.Bf4 Rxc4 33.Bxd6 Rxe4 34.Bxf8 Qxf8 35.hxg6 hxg6
36.Nf6+ Nxf6 37.gxf6 Bh6 38.Rxg6+ Kh7 39.Rg4 Qc5+ 40.Kg2 Rxg4+ 41.Qxg4 Qd5+
42.Kh3 Qxa2 43.Qe4+ Kh8 44.Rg1 Qb3+ 45.Rg3 Qb8 46.Qe7 Qc8+ 47.Rg4 Qa8 48.Kh2
Qb8+ 49.Kh3 Qa8 50.Re4 Qc8+ 51.Kh4 Qg8 52.Rg4 Qb8 53.Kh5 Qc8 54.Qe4 Qc5+
55.Kh4 Bg5+ 56.Rxg5 Qf2+ 57.Rg3 Qh2+ 58.Rh3 {#r} 1-0

[Event "10th KIIT Elite Open 2017"]
[Site "masterchessopen.com Bhubaneswar IND"]
[Date "2017.05.31"]
[Round "8.29"]
[White "Singh,Ne"]
[Black "Sammed Jaykumar,Shete"]
[Result "0-1"]
[WhiteElo "1922"]
[BlackElo "2263"]

1.e4 c5 2.Nf3 Nc6 3.Bc4 e6 4.O-O a6 5.Re1 Be7 6.d4 cxd4 7.Nxd4 d6 8.Nc3 Qc7
9.Be3 Nf6 10.a4 O-O 11.Ba2 Bd7 12.f4 Rfd8 13.Qe2 Nxd4 14.Bxd4 Bc6 15.Rad1 b5
16.e5 dxe5 17.fxe5 Rxd4 18.exf6 Bxf6 19.axb5 axb5 20.Bb3 Rh4 21.h3 Bd4+
22.Rxd4 Rxd4 23.Nxb5 Bxb5 24.Qxb5 Rd2 25.Qg5 Rad8 26.Qg4 Qd6 27.Rf1 Rd1 28.Qe2
Qd4+ 29.Qf2 Rxf1+ 30.Kxf1 Qxb2 31.Qe2 Qc1+ {#R} 0-1

[Event "10th Mayors Cup Open 2017"]
[Site "masterchessopen.com Mumbai IND"]
[Date "2017.06.05"]
[Round "2.7"]
[White "Gaikwad,Siddhant"]
[Black "Deepan,C"]
[Result "0-1"]
[WhiteElo "2295"]
[BlackElo "2480"]

1.e4 c5 2.Nf3 e6 3.c3 d5 4.exd5 exd5 5.d4 c4 6.b3 cxb3 7.axb3 Bd6 8.Bd3 Ne7
9.O-O Nbc6 10.Re1 h6 11.Ne5 Nxe5 12.dxe5 Bc5 13.Qf3 Be6 14.Na3 a6 15.Nc2 Nc6
16.Qg3 Kf8 17.Ra4 Rc8 18.Rf4 Be7 19.Bf5 Qd7 20.Bg6 Bg5 21.Rf3 Kg8 22.Bd3 Bxc1
23.Rxc1 h5 24.Ne3 Nd4 25.Rf4 Nxb3 26.Re1 Rxc3 27.Nd1 Rc1 28.Bxa6 d4 29.Bd3 Nc5
30.h3 Qd5 31.Bf1 d3 32.Ne3 d2 33.Nxd5 dxe1=Q 34.Ne7+ Kf8 35.Qg5 Qxf1+ 36.Kh2
Qg1+ 37.Kg3 Rc3+ {#R} 0-1

[Event "10th Mayors Cup Open 2017"]
[Site "masterchessopen.com Mumbai IND"]
[Date "2017.06.05"]
[Round "3.21"]
[White "Mahindrakar,Indrajeet"]
[Black "Nguyen Duc Hoa"]
[Result "1-0"]
[WhiteElo "1966"]
[BlackElo "2481"]

1.e4 c5 2.c3 Nf6 3.e5 Nd5 4.g3 d6 5.exd6 e6 6.Bg2 Bxd6 7.Nf3 O-O 8.O-O Nc6
9.d4 cxd4 10.Nxd4 Bd7 11.Nf3 Qc7 12.Nbd2 Ne5 13.Nxe5 Bxe5 14.Qe2 Bc6 15.Re1
Bd6 16.Ne4 Be7 17.c4 Nb6 18.b3 Rae8 19.Bb2 e5 20.Rad1 f5 21.Nc3 e4 22.Bc1 Qe5
23.Qc2 Bb4 24.Bb2 Qe7 25.Qc1 Bc5 26.a3 a5 27.Re2 Rd8 28.Rde1 h5 29.Na2 Rd3
30.b4 axb4 31.axb4 Bxb4 32.Nxb4 Qxb4 33.Bxg7 Rf7 34.Be5 Nxc4 35.Qg5+ Kf8
36.Qh6+ Ke7 37.Bf4 Kd7 38.Qxh5 Qe7 39.Bh3 Qf6 40.Rc2 Nb6 41.Bg5 Qe6 42.Qh8 Qe8
43.Qb2 Nd5 44.Bf1 Qg8 45.h4 f4 46.Qe5 Ne7 47.Bxd3 exd3 48.Rc3 Qg6 49.Qd4+ Nd5
50.Rxd3 fxg3 51.Qg4+ Kc7 52.Qxg3+ Kc8 53.Qg4+ Rd7 54.Ra3 b6 55.Qe6 Qxe6
56.Rxe6 Kb7 57.Re8 b5 58.Rd8 Rg7 59.Rd3 Nc7 60.Re3 Rg6 61.Kh2 Kb6 62.f4 Bd5
63.h5 Rc6 64.h6 Rc2+ 65.Kg3 Rg2+ 66.Kh4 Be6 67.Rd6+ Kc5 68.Rdxe6 Nxe6 69.Rxe6
b4 70.Kh3 {#r} 1-0

[Event "10th KIIT Elite Open 2017"]
[Site "masterchessopen.com Bhubaneswar IND"]
[Date "2017.05.31"]
[Round "8.3"]
[White "Navalgund,N"]
[Black "Amonatov,F"]
[Result "0-1"]
[WhiteElo "2351"]
[BlackElo "2632"]

1.e4 c5 2.c3 d5 3.exd5 Qxd5 4.d4 Nc6 5.Nf3 Bf5 6.Be3 cxd4 7.cxd4 Bxb1 8.Rxb1
e6 9.a3 Nf6 10.Be2 Be7 11.O-O O-O 12.b4 Qd8 13.Ne5 Nd5 14.Nxc6 bxc6 15.Rc1 a5
16.Rxc6 axb4 17.axb4 Nxb4 18.Rc1 Nd5 19.Rc4 Ra3 20.Qc1 Qd7 21.Bf3 Rd8 22.Re1
Ra6 23.Qc2 g6 24.Rc1 Kg7 25.Rd1 Rda8 26.Bc1 Ra2 27.Qd3 Qb5 28.g3 h5 29.h4 R8a3
30.Bxa3 Rxa3 31.Qe2 Rxf3 32.Qxf3 Qxc4 33.Qd3 Qa4 34.Qf3 Bf6 35.Qd3 Nc3 36.Rd2
Bxd4 37.Kg2 e5 38.Kh2 Nd5 39.Qe4 Nf6 40.Qf3 Ng4+ 41.Kg2 Qa7 {#R} 0-1

[Event "10th KIIT Elite Open 2017"]
[Site "masterchessopen.com Bhubaneswar IND"]
[Date "2017.05.30"]
[Round "7.10"]
[White "Deviatkin,A"]
[Black "Akash Pc,I"]
[Result "1-0"]
[WhiteElo "2481"]
[BlackElo "2282"]

1.e4 c5 2.c3 d5 3.exd5 Qxd5 4.d4 Nc6 5.Nf3 Bf5 6.Be2 cxd4 7.cxd4 Bxb1 8.Rxb1
e6 9.a3 Nf6 10.b4 Bd6 11.O-O O-O 12.Bb2 Rfd8 13.Rc1 Rac8 14.Bc4 Qf5 15.Re1 a6
16.Qe2 Nd5 17.g3 Qg4 18.Kh1 Bb8 19.Ne5 Qxe2 20.Bxe2 Nxe5 21.dxe5 Ba7 22.Kg2
Kf8 23.h4 Ke7 24.h5 Ke8 25.Bf3 Ke7 26.Be4 g6 27.Kf3 b5 28.Rh1 Rxc1 29.Bxc1 Rc8
30.hxg6 Rc3+ 31.Kg2 hxg6 32.Bg5+ Kd7 33.Rh7 Bd4 34.Rxf7+ Kc6 35.Re7 {#r} 1-0

[Event "6th CHN w Masters 2017"]
[Site "masterchessopen.com Wuxi CHN"]
[Date "2017.06.04"]
[Round "9.3"]
[White "Tan Zhongyi"]
[Black "Zhao,Shengxin"]
[Result "1-0"]
[WhiteElo "2515"]
[BlackElo "2155"]

1.e4 c5 2.Nc3 Nc6 3.Nf3 Nf6 4.Bb5 Qc7 5.O-O g6 6.Re1 Bg7 7.e5 Ng4 8.d4 cxd4
9.Nd5 Qd8 10.Bf4 e6 11.Bg5 Qa5 12.Bxc6 exd5 13.b4 Qxb4 14.Bxd5 O-O 15.h3 Nh6
16.Nxd4 Kh8 17.c4 a6 18.Rb1 Qc5 19.Nb3 Qa7 20.Be3 Qb8 21.Bc5 Re8 22.Bd6 Qa7
23.Qd2 a5 24.Nd4 a4 25.Qf4 Qa5 26.Re4 {#r} 1-0

[Event "ch-POR Rapid 2017"]
[Site "masterchessopen.com Mirandela POR"]
[Date "2017.06.03"]
[Round "5.5"]
[White "Guimaraes,R"]
[Black "Pinto,Antonio Manuel"]
[Result "1-0"]
[WhiteElo "2141"]
[BlackElo "1574"]

1.e4 c5 2.Nc3 Nc6 3.Bb5 d6 4.Bxc6+ bxc6 5.f4 g6 6.Nf3 Bg7 7.O-O Qc7 8.Qe1 Nf6
9.e5 Nd5 10.exd6 Qxd6 11.Ne4 Qxf4 12.d4 Qc7 13.Nxc5 O-O 14.Qh4 e6 15.c4 Ne7
16.Bg5 Nf5 17.Qe4 h5 18.Bf4 Qe7 19.Rad1 Rd8 20.Ne5 Bxe5 21.Bxe5 f6 22.Bf4 e5
{#r} 1-0

[Event "ch-POR Rapid 2017"]
[Site "masterchessopen.com Mirandela POR"]
[Date "2017.06.03"]
[Round "7.2"]
[White "Guimaraes,R"]
[Black "Silva,Luis"]
[Result "0-1"]
[WhiteElo "2141"]
[BlackElo "2317"]

1.e4 c5 2.Nc3 a6 3.g4 e5 4.Nge2 d6 5.Ng3 g6 6.d3 Bh6 7.Be2 Be6 8.h4 Bxc1
9.Qxc1 f6 10.f4 Nc6 11.h5 g5 12.fxg5 fxg5 13.Nf5 Nd4 14.Qd2 Bxf5 15.exf5 Nf6
16.h6 Rg8 17.O-O-O Qe7 18.Ne4 Nd5 19.Ng3 Nf4 20.c3 Nc6 21.Bf3 d5 22.Nh5 O-O-O
23.Nxf4 gxf4 24.Qe2 Qf6 25.Rh5 Kb8 26.Qg2 Ne7 27.Rg1 Rge8 28.c4 dxc4 29.dxc4
Rd4 30.b3 Red8 31.Rd1 e4 32.Rxd4 Qxd4 33.Bxe4 Qd1+ 34.Kb2 Rd2+ 35.Qxd2 Qxd2+
36.Bc2 f3 37.f6 Qd4+ 38.Ka3 Qxf6 39.Bxh7 f2 40.Bd3 f1=Q 41.Bxf1 Qxf1 42.h7 Ng6
43.h8=Q+ Nxh8 44.Rxh8+ Ka7 45.Rg8 Kb6 46.Rg6+ Ka5 47.Kb2 Qe2+ 48.Ka3 Qd2 {#R}
0-1

[Event "11th BPB Limburg Open"]
[Site "masterchessopen.com Maastricht NED"]
[Date "2017.06.05"]
[Round "6.10"]
[White "Nguyen,Kevin"]
[Black "Mesman,Edwyn"]
[Result "0-1"]
[WhiteElo "2131"]
[BlackElo "2034"]

1.e4 c5 2.Nc3 d6 3.g3 Nc6 4.Bg2 g6 5.d3 Bg7 6.f4 Nf6 7.Nf3 O-O 8.O-O Rb8 9.h3
b5 10.Qe1 b4 11.Ne2 Bb7 12.g4 e6 13.f5 exf5 14.gxf5 Qe8 15.Qh4 d5 16.Ng3 Ne5
17.Bg5 Nxf3+ 18.Bxf3 Qe5 19.Rae1 dxe4 20.Nxe4 Nxe4 21.Bxe4 Qd4+ 22.Be3 Bf6
23.Qf2 Qxb2 24.Bxc5 Rfc8 25.Kh1 Rxc5 26.Qxc5 Rc8 27.Qd6 Be5 28.Qd7 Qxc2
29.Qxc8+ Bxc8 30.Bg2 Bb7 31.Rg1 Qxd3 {#R} 0-1

[Event "11th BPB Limburg Open"]
[Site "masterchessopen.com Maastricht NED"]
[Date "2017.06.02"]
[Round "1.4"]
[White "Tabak,S"]
[Black "Bogner,S"]
[Result "0-1"]
[WhiteElo "2242"]
[BlackElo "2603"]

1.e4 c5 2.Nc3 d6 3.g3 Nc6 4.Bg2 g6 5.d3 Bg7 6.f4 e6 7.Nf3 Nge7 8.O-O O-O 9.Be3
b6 10.Bf2 Qd7 11.Qd2 Bb7 12.Rae1 Nd4 13.Nxd4 cxd4 14.Ne2 e5 15.c3 dxc3 16.Nxc3
d5 17.fxe5 d4 18.Ne2 Nc6 19.Kh1 Ba6 20.Rd1 Rad8 21.Nf4 Nxe5 22.Qe2 Rfe8
23.Rfe1 Rc8 24.Nd5 Nxd3 25.Rxd3 Qxd5 26.Qf3 Qb5 27.Rxd4 Rc2 28.e5 Qxb2 29.e6
fxe6 30.Rxe6 Rc1+ 31.Rd1 Rxe6 {#R} 0-1

[Event "ch-POR Rapid 2017"]
[Site "masterchessopen.com Mirandela POR"]
[Date "2017.06.03"]
[Round "4.5"]
[White "Fanha,P"]
[Black "Martins,Gu"]
[Result "0-1"]
[WhiteElo "1925"]
[BlackElo "1963"]

1.e4 c5 2.Nf3 a6 3.d4 cxd4 4.Nxd4 Nf6 5.Nc3 e5 6.Nf3 Bb4 7.Bd2 Bxc3 8.Bxc3
Nxe4 9.Bxe5 O-O 10.Bd3 d5 11.O-O Nc6 12.Re1 Bf5 13.Nd4 Bg6 14.Nxc6 bxc6 15.Bd4
Re8 16.f3 Nd6 17.Bxg6 hxg6 18.Qd3 Qh4 19.Bf2 Qc4 20.Qxc4 Nxc4 21.b3 Na3
22.Rxe8+ Rxe8 23.Kf1 Re6 24.Rc1 f6 25.c4 dxc4 26.bxc4 Re5 27.Bd4 Ra5 28.Bb2
Ra4 29.Bxa3 Rxa3 30.Rc2 Kf7 31.Ke2 Ke6 32.Kd2 Ke5 33.Kc1 Kd4 34.Kb2 Rd3 35.h4
c5 36.Re2 Kxc4 37.Re7 Rd2+ 38.Ka3 Rxg2 39.Rxg7 Rg3 40.Ka4 Rxf3 41.Rxg6 Kd3
42.h5 c4 43.h6 Rh3 44.Rxf6 c3 45.Kb3 Kd2 46.Rd6+ Kc1 47.h7 c2+ 48.Ka4 Rxh7
49.Ka5 Kb2 50.Rd2 Kc3 51.Rxc2+ Kxc2 52.Kxa6 Kc3 53.Kb5 Rh5+ 54.Ka4 Kc4 {#R}
0-1

[Event "ch-POR Rapid 2017"]
[Site "masterchessopen.com Mirandela POR"]
[Date "2017.06.03"]
[Round "7.4"]
[White "Sousa,Andre Ventura"]
[Black "Martins,Gu"]
[Result "1-0"]
[WhiteElo "2366"]
[BlackElo "1963"]

1.e4 c5 2.Nf3 a6 3.b3 Nf6 4.e5 Nd5 5.c4 Nc7 6.g3 d5 7.exd6 exd6 8.Bb2 d5 9.Bg2
d4 10.O-O Be7 11.b4 O-O 12.bxc5 Bxc5 13.d3 Nc6 14.Nbd2 Bf5 15.Nb3 Ba7 16.Qd2
Qf6 17.Rad1 Rfe8 18.Nh4 Bg4 19.f3 Bd7 20.f4 Re3 21.Kh1 Qe7 22.Rde1 Re8 23.Nf3
Qb4 24.Rxe3 Rxe3 25.Qxb4 Nxb4 26.Bxd4 Bxd4 27.Nfxd4 b6 28.c5 bxc5 29.Nxc5 Bg4
30.Be4 Nxa2 31.Kg2 Nb5 32.Kf2 Rxd3 33.Bxd3 Nxd4 34.Nxa6 g6 35.Ke3 Nc6 36.Be4
Ne7 37.Kd2 Bc8 38.Nb8 Nb4 39.Rc1 Be6 40.Ke3 Nbd5+ 41.Kd4 Nf6 42.Bf3 Kg7 43.Rc7
Nf5+ 44.Kd3 h5 45.Nc6 Ng4 46.Bxg4 hxg4 47.Ne5 Nd6 48.Rc6 Ne8 49.Kd4 Kf6
50.Nxg4+ Ke7 51.Ne3 Ng7 52.Nd5+ Kd7 53.Nb4 Nf5+ 54.Ke5 Ne3 55.Rd6+ Ke8
56.Rxe6+ fxe6 57.Kxe6 Nf1 58.Kf6 Nxh2 59.Kxg6 Ke7 60.Kf5 Nf3 61.Nc6+ Kf7
62.Ne5+ {#r} 1-0

[Event "10th KIIT Elite Open 2017"]
[Site "masterchessopen.com Bhubaneswar IND"]
[Date "2017.05.31"]
[Round "8.21"]
[White "Sahu,Se"]
[Black "Padmini,R"]
[Result "1-0"]
[WhiteElo "2167"]
[BlackElo "2380"]

1.e4 c5 2.Nf3 a6 3.c3 d5 4.exd5 Qxd5 5.d4 Nf6 6.Be2 e6 7.O-O Nc6 8.Bf4 Be7
9.Ne5 Qd8 10.Nxc6 bxc6 11.dxc5 Qxd1 12.Rxd1 Bxc5 13.Nd2 Bb7 14.Nc4 Nd5 15.Bd6
Ba7 16.Ba3 O-O-O 17.Nd6+ Rxd6 18.Bxd6 Rd8 19.Bg3 Re8 20.c4 Ne7 21.Be5 c5
22.Rd3 f6 23.Bd6 Nf5 24.Bg4 Nxd6 25.Rxd6 f5 26.Rxe6 {#r} 1-0

[Event "11th BPB Limburg Open"]
[Site "masterchessopen.com Maastricht NED"]
[Date "2017.06.03"]
[Round "3.4"]
[White "Surewaard,W"]
[Black "Bogner,S"]
[Result "0-1"]
[WhiteElo "2097"]
[BlackElo "2603"]

1.e4 c5 2.Nf3 Nf6 3.Nc3 d6 4.e5 dxe5 5.Nxe5 e6 6.g3 Qc7 7.Qe2 Nc6 8.Nxc6 Qxc6
9.Qb5 Bd7 10.Qxc6 Bxc6 11.Bb5 Kd7 12.d3 Be7 13.Bd2 Rhc8 14.O-O Bxb5 15.Nxb5 c4
16.dxc4 a6 17.Nc3 Rxc4 18.Rad1 Ke8 19.Rfe1 Rac8 20.a3 b5 21.Kg2 Nd7 22.Ne4
Rxc2 23.Bc3 Rc6 24.Bxg7 f6 25.b4 e5 26.g4 Nb6 27.Rd3 Kf7 28.Bh6 f5 29.Ng3 Rxh6
30.Nxf5 Re6 31.Rh3 Nd5 32.Rxh7+ Kg8 33.Rg7+ Kf8 34.h4 Nf4+ 35.Kf3 Nd3 36.Re2
e4+ 37.Ke3 Rxe2+ 38.Kxe2 Bxh4 39.Ra7 Bxf2 40.Ra8+ Kf7 41.g5 Kg6 42.Nh6 Kxg5
43.Nf7+ Kg6 44.Nd8 Rf6 45.Rc8 Bb6 46.Nc6 Rf2+ 47.Kd1 e3 {#R} 0-1

[Event "ch-POR Rapid 2017"]
[Site "masterchessopen.com Mirandela POR"]
[Date "2017.06.03"]
[Round "5.3"]
[White "Sousa,Andre Ventura"]
[Black "Silva,Luis"]
[Result "0-1"]
[WhiteElo "2366"]
[BlackElo "2317"]

1.e4 c5 2.Nf3 Nc6 3.Bb5 e6 4.O-O Nge7 5.Re1 a6 6.Bf1 Ng6 7.c3 d5 8.exd5 Qxd5
9.d4 cxd4 10.cxd4 Be7 11.Nc3 Qd8 12.Bd3 O-O 13.Be4 Nb4 14.a3 Nd5 15.Nxd5 exd5
16.Bd3 Bf6 17.h3 Re8 18.Rxe8+ Qxe8 19.Be3 Bd7 20.Qb3 Bc6 21.Re1 Qd7 22.Bxg6
hxg6 23.Bf4 Ba4 24.Qb6 Qc6 25.Qxc6 Bxc6 26.Be5 Bd8 27.Bd6 f6 28.Nd2 Kf7 29.f3
Rc8 30.Rc1 Ke6 31.Bb4 a5 32.Bc3 Bb5 33.Kf2 g5 34.Re1+ Kf7 35.Rh1 b6 36.h4 gxh4
37.Rxh4 Be7 38.Rh5 Ke6 39.Rh7 Bxa3 40.Bxa5 Bxb2 41.Bxb6 Rc2 42.Ke3 Rc3+ 43.Kf2
Bc1 44.Ke1 Re3+ 45.Kd1 Bxd2 46.Kxd2 Re2+ 47.Kd1 Rxg2 48.Rh3 Kf5 49.Bc7 g5
50.Rg3 Ra2 51.Ke1 Re2+ 52.Kd1 Re3 53.Bb6 Be2+ 54.Ke1 Bxf3+ 55.Kf2 Ke4 56.Bd8
Re2+ 57.Kf1 g4 58.Bxf6 Ra2 59.Ke1 Kd3 60.Kf1 Ke3 61.Bg5+ Kxd4 62.Ke1 Ke4
63.Rg1 d4 64.Bc1 Kd3 65.Rf1 Re2+ 66.Kd1 Rc2+ {#R} 0-1

[Event "6th CHN w Masters 2017"]
[Site "masterchessopen.com Wuxi CHN"]
[Date "2017.06.02"]
[Round "7.2"]
[White "Lei Tingjie"]
[Black "Zhao,Shengxin"]
[Result "1-0"]
[WhiteElo "2482"]
[BlackElo "2155"]

1.e4 c5 2.Nf3 Nc6 3.Bb5 d6 4.O-O Bg4 5.h3 Bh5 6.e5 e6 7.Bxc6+ bxc6 8.exd6 Bxd6
9.d3 Nf6 10.Nbd2 O-O 11.Re1 Qc7 12.Qe2 h6 13.Nc4 Nd5 14.a3 Rad8 15.Bd2 Rfe8
16.Ba5 Nb6 17.Nxd6 Qxd6 18.g4 Bg6 19.Ne5 Bh7 20.Nc4 Qb8 21.Bxb6 axb6 22.Qe5 f6
23.Qxb8 Rxb8 24.a4 e5 25.b3 b5 26.Nd2 c4 27.bxc4 bxa4 28.Ra2 Rb7 29.f3 Reb8
30.Kf2 Rb2 31.Rea1 a3 32.Ke3 Rxa2 33.Rxa2 Rb2 34.Rxa3 Rxc2 35.h4 Bg6 36.Ra8+
Kh7 37.h5 Bf7 38.Rc8 Rb2 39.Rc7 Kg8 40.Ne4 Rb8 41.Nd6 Be6 42.Re7 {#r} 1-0

[Event "10th KIIT Elite Open 2017"]
[Site "masterchessopen.com Bhubaneswar IND"]
[Date "2017.05.31"]
[Round "8.14"]
[White "Jeet,J"]
[Black "Raghunandan,K"]
[Result "0-1"]
[WhiteElo "2151"]
[BlackElo "2410"]

1.e4 c5 2.Nf3 Nc6 3.Nc3 d6 4.Bc4 e6 5.d4 cxd4 6.Nxd4 a6 7.O-O Be7 8.Be3 Nf6
9.Bb3 O-O 10.Kh1 Qc7 11.f4 Na5 12.g4 d5 13.e5 Ne4 14.Nce2 Nc4 15.Bc1 Bd7 16.c3
f6 17.exf6 Rxf6 18.g5 Rf7 19.Nf3 Bd6 20.Bc2 Qb6 21.Kg2 Raf8 22.b3 Ne3+ 23.Bxe3
Qxe3 24.Qd4 Qxe2+ {#R} 0-1

[Event "ch-POR Rapid 2017"]
[Site "masterchessopen.com Mirandela POR"]
[Date "2017.06.03"]
[Round "3.4"]
[White "Sousa,Andre Ventura"]
[Black "Pinheiro,A"]
[Result "1-0"]
[WhiteElo "2366"]
[BlackElo "2071"]

1.e4 c5 2.Nf3 Nc6 3.Bb5 g6 4.O-O Bg7 5.Nc3 d6 6.e5 dxe5 7.Bxc6+ bxc6 8.d3 f6
9.Be3 c4 10.Qd2 cxd3 11.cxd3 Bf5 12.d4 e4 13.Nh4 e6 14.Qe2 h5 15.Qc4 Qd7
16.Rac1 Ne7 17.Na4 O-O 18.Nxf5 Nxf5 19.Nc5 Qd5 20.Nxe6 Nxe3 21.fxe3 Rfc8
22.Nf4 Qxc4 23.Rxc4 Bh6 24.g3 Bxf4 25.gxf4 Kf7 26.Rfc1 Rab8 27.b3 Rb6 28.d5 f5
29.dxc6 Rc7 30.b4 Ra6 31.R1c2 Ke7 32.b5 Ra3 33.R4c3 Ra5 34.Rb2 Kd6 35.Kg2 Ra4
36.Kf1 Ra5 37.a3 Ra4 38.Rg2 {#r} 1-0

[Event "10th KIIT Elite Open 2017"]
[Site "masterchessopen.com Bhubaneswar IND"]
[Date "2017.06.02"]
[Round "10.12"]
[White "Shyam,N"]
[Black "Roy Chowdhury,S"]
[Result "1-0"]
[WhiteElo "2457"]
[BlackElo "2326"]

1.e4 c5 2.Nf3 Nc6 3.Bb5 g6 4.Bxc6 bxc6 5.O-O Bg7 6.Re1 Nf6 7.c3 O-O 8.h3 d6
9.d4 Nd7 10.Be3 cxd4 11.cxd4 Rb8 12.Qd2 c5 13.Nc3 cxd4 14.Nxd4 Bb7 15.Bh6 Nf6
16.Rad1 Qb6 17.Bxg7 Kxg7 18.e5 dxe5 19.Rxe5 e6 20.Na4 Qd8 21.Qe1 Qe8 22.Ra5
Ra8 23.Rc1 Bd5 24.Qe5 Qd8 25.Rc7 Kg8 26.Nc3 Nd7 27.Qd6 Nf6 28.Qe5 Nd7 29.Qd6
Nf6 30.Qxd8 Rfxd8 31.Raxa7 Rxa7 32.Rxa7 e5 33.Nc2 Be6 34.Ne3 Rb8 35.Ned1 Nd7
36.Rc7 Nb6 37.Ne3 Nd7 38.b3 Kf8 39.Kf1 Ke8 40.Nc4 Kd8 41.Rc6 Ke7 42.Ke1 h5
43.h4 Rb7 44.Kd2 Nb8 45.Rb6 Rxb6 46.Nxb6 Nc6 47.Ncd5+ Kd6 48.Ne3 Kc5 49.Na4+
Kb5 50.Nc3+ Kc5 51.Ne4+ Kb4 52.Nc2+ Kb5 53.Ng5 {#r} 1-0

[Event "10th KIIT Elite Open 2017"]
[Site "masterchessopen.com Bhubaneswar IND"]
[Date "2017.05.31"]
[Round "8.19"]
[White "Thanki,H"]
[Black "Murshed,N"]
[Result "1-0"]
[WhiteElo "2182"]
[BlackElo "2423"]

1.e4 c5 2.Nf3 Nc6 3.Bb5 g6 4.Bxc6 bxc6 5.O-O Bg7 6.Re1 e5 7.c3 Ne7 8.d4 cxd4
9.cxd4 exd4 10.Nxd4 O-O 11.Nc3 Qc7 12.Bg5 Re8 13.Qd2 Ba6 14.Rac1 Qb6 15.Be3
Qb8 16.Nb3 Bc4 17.Bf4 Qd8 18.Nc5 d5 19.b3 Qa5 20.Nb7 Qa6 21.Nd6 d4 22.Na4 Be6
23.Nc5 Qb6 24.Nxe6 fxe6 25.Nxe8 Rxe8 26.Bd6 e5 27.Red1 Nc8 28.Bc5 Qd8 29.Rc4
Re6 30.g3 h5 31.Kg2 g5 32.h3 Qf6 33.Qe2 Qg6 34.Rb4 Kh7 35.Rb7 Kh6 36.h4 gxh4
37.Qd2+ Kh7 38.Bf8 Qxe4+ 39.f3 h3+ 40.Kh2 Qxf3 {#r} 1-0